Lion cubs, growing up in the wild. (Record no. 1102)

MARC details
000 -LEADER
fixed length control field 01014cam a2200313 4500
005 - DATE AND TIME OF LATEST TRANSACTION
control field 20260322212047.0
008 - FIXED-LENGTH DATA ELEMENTS--GENERAL INFORMATION
fixed length control field data
010 ## - LIBRARY OF CONGRESS CONTROL NUMBER
LC control number 72091420
020 ## - INTERNATIONAL STANDARD BOOK NUMBER
International Standard Book Number 0870441213
020 ## - INTERNATIONAL STANDARD BOOK NUMBER
International Standard Book Number 9780870441219
040 ## - CATALOGING SOURCE
Original cataloging agency DLC
Transcribing agency DLC
Modifying agency DLC
042 ## - AUTHENTICATION CODE
Authentication code lcac
050 00 - LIBRARY OF CONGRESS CALL NUMBER
Classification number QL737.C23
Item number N37
082 00 - DEWEY DECIMAL CLASSIFICATION NUMBER
Classification number 599/.74428
092 ## - LOCALLY ASSIGNED DEWEY CALL NUMBER (OCLC)
Classification number 599 Nat 1972
001 - CONTROL NUMBER
control field data
110 2# - MAIN ENTRY--CORPORATE NAME
Corporate name or jurisdiction name as entry element National Geographic Society (U.S.)
245 10 - TITLE STATEMENT
Title Lion cubs, growing up in the wild.
Statement of responsibility, etc. National Geographic Society (U.S.).
260 ## - PUBLICATION, DISTRIBUTION, ETC.
Place of publication, distribution, etc. [Washington]
Date of publication, distribution, etc. c1972.
300 ## - PHYSICAL DESCRIPTION
Extent 31 p.
Other physical details col. illus.
Dimensions 29 cm.
440 #0 - SERIES STATEMENT/ADDED ENTRY--TITLE
Title Books for young explorers
520 ## - SUMMARY, ETC.
Summary, etc. Describes how lion cubs are reared in the wild and some of the hardships they, and other animals like them, encounter.
650 #0 - SUBJECT ADDED ENTRY--TOPICAL TERM
Topical term or geographic name entry element Lion
Form subdivision Juvenile literature.
650 #0 - SUBJECT ADDED ENTRY--TOPICAL TERM
Topical term or geographic name entry element Lion
General subdivision Infancy
Form subdivision Juvenile literature.
650 #1 - SUBJECT ADDED ENTRY--TOPICAL TERM
Topical term or geographic name entry element Lion.
650 #1 - SUBJECT ADDED ENTRY--TOPICAL TERM
Topical term or geographic name entry element Animals
General subdivision Infancy.
906 ## - LOCAL DATA ELEMENT F, LDF (RLIN)
a 7
b cbc
c orignew
d 2
e opcn
f 19
g y-gencatlg
991 ## -
-- c-GenColl
-- QL737.C23
-- N37
-- 00008516054
-- Copy 1
-- BOOKS
Holdings
Withdrawn status Lost status Damaged status Not for loan Home library Current library Shelving location Date acquired Total checkouts Full call number Barcode Date last seen Price effective from Koha item type
        Fairview Fairview General stacks 22/03/2026   599/.74428 BC0011137 22/03/2026 22/03/2026 Books